Уменьшение потерь ввода лазерного излучения в одномодовые волоконные световоды; Измерительная техника; № 11

Dettagli Bibliografici
Parent link:Измерительная техника=Measurement Techniques: научно-технический журнал/ Российская Федерация, Федеральное агентство по техническому регулированию и метрологии (Ростехрегулирование) (Госстандарт России).— , 1940-1941, 1955-.— 0368-1025
№ 11.— 2003.— С. 25-28
Autore principale: Поляков А. В.
Lingua:russo
Pubblicazione: 2003
Serie:Общие вопросы метрологии и измерительной техники
Soggetti:
Natura: MixedMaterials Capitolo di libro
KOHA link:https://koha.lib.tpu.ru/cgi-bin/koha/opac-detail.pl?biblionumber=389654

MARC

LEADER 00000naa2a2200000 4500
001 389654
005 20231101063907.0
035 |a (RuTPU)RU\TPU\prd\22109 
090 |a 389654 
100 |a 20040202a2003 k y0rusy50 ca 
101 0 |a rus 
102 |a RU 
200 1 |a Уменьшение потерь ввода лазерного излучения в одномодовые волоконные световоды  |f А. В. Поляков 
225 1 |a Общие вопросы метрологии и измерительной техники 
320 |a Библиогр.: 5 назв. 
461 1 |0 (RuTPU)RU\TPU\prd\1509  |x 0368-1025  |t Измерительная техника  |l Measurement Techniques  |o научно-технический журнал  |f Российская Федерация, Федеральное агентство по техническому регулированию и метрологии (Ростехрегулирование) (Госстандарт России)  |d 1940-1941, 1955- 
463 1 |0 (RuTPU)RU\TPU\prd\21766  |t № 11  |v С. 25-28  |d 2003 
610 1 |a инжекционный лазер 
610 1 |a одномодовое оптическое волокно 
610 1 |a оптические потери 
610 1 |a согласующий элемент 
675 |a 621.378:535.8  |v 3 
700 1 |a Поляков  |b А. В. 
801 1 |a RU  |b 63413507  |c 20040202  |g PSBO 
801 2 |a RU  |b 63413507  |c 20121217  |g RCR 
942 |c BK